Statistics for Famous Statues Quiz

Click here to take the quiz!

General Stats

  • This quiz has been taken 91 times
  • The average score is 8 of 15

Answer Stats

Answer% Correct
Statue of {Liberty}
100%
Mount Rushmore
73%
Colossus of {Rhodes}
71%
the Great Sphinx of Giza
71%
the Little Mermaid
69%
Christ the Redeemer
68%
the Thinker
63%
Leshan Giant {Buddha}
63%
David
60%
{Genghis} {Khan} Equestrian Statue
49%
Manneken Pis
33%
{Augustus} of Prima Porta
30%
{Iwo} {Jima} Memorial
29%
Moai
24%
Statue of {Unity}
9%

Score Distribution

Percentile by Number Answered

Percent of People with Each Score

Your Score History

You have not taken this quiz